000 00640nam a2200265Ia 4500
005 20260121170854.0
008 008 260114s9999 xx 000 0 eng d
020 _a9789402415841
037 _aEBOOK
040 _aCRL
040 _beng
040 _cCRL
041 _2eng
041 _aeng
084 _qCRL
100 _aWokyung Sung
_91069206
245 0 _aStatistical Physics for Biological Matter
260 _bSpringer
260 _bSpringer
260 _c2018
856 _uhttps://link.springer.com/openurl?genre=book&isbn=978-94-024-1584-1
942 _cEBOOK
999 _c1634936
_d1634936